Rio de Janeiro (GIG) Airport Destinations - Statistics

General Stats
  • This quiz has been taken 103 times
  • The average score is 30 of 38
Answer Stats
Country City % Correct
Argentina Buenos Aires (AEP)
96%
Argentina Buenos Aires (EZE)
96%
United Arab Emirates Dubai
96%
United States New York City
96%
Portugal Porto
96%
Italy Rome
96%
Brazil São Paulo (GRU)
96%
Brazil São Paulo (VCP)
96%
Portugal Lisbon
95%
United Kingdom London
95%
Spain Madrid
95%
France Paris
95%
Netherlands Amsterdam
94%
Peru Lima
94%
Panama Panama City
94%
Colombia Bogotá
92%
United States Miami
92%
Uruguay Montevideo
91%
Germany Munich
90%
Chile Santiago
90%
Brazil Brasília
85%
United States Houston
82%
Brazil Manaus
80%
Brazil Salvador de Bahia
80%
Brazil Recife
77%
United States Atlanta
75%
Brazil Porto Alegre
73%
Brazil Curitiba
68%
Argentina Córdoba
67%
Brazil Natal
67%
Argentina Rosario
66%
Brazil Belém
65%
Argentina Mendoza
58%
Brazil Maceió
44%
Brazil São Luís
43%
Brazil João Pessoa
41%
Brazil Aracaju
37%
Brazil Foz do Iguaçu
34%
No matching quizzes found
Score Distribution
Percent of People with Each Score
Percentile by Number Answered
Your Score History
You have not taken this quiz